AFGHANISTAN: Afghanen in Deutschland - Statistiken

Allgemein
  • Dieses Quiz wurde 35 mal gespielt
  • Das Durchschnittsergebnis liegt bei 12 aus 12
Antwortstatistiken
Zahl Jahr % Korrekt
67 000 2013
100%
75 000 2014
100%
131 000 2015
100%
253 000 2016
100%
252 000 2017
100%
257 000 2018
100%
263 000 2019
100%
272 000 2020
100%
56 000 2011
96%
62 000 2012
96%
419 000 2023
96%
310 000 2021
93%
Keine übereinstimmenden Quizze gefunden
Verteilung der Resultate
Anzahl Personen mit jedem Resultat
Perzentil nach korrekt beantworteten Fragen
Ihre Resultats-Entwicklung
Sie haben dieses Quiz noch nicht gespielt